[Event "33ème Open International d'Avoine"]
[Site "Avoine"]
[Date "2018.07.21"]
[Round "7.23"]
[White "Bournel, Antoine"]
[Black "Poignot, Quentin"]
[Result "1/2-1/2"]
[WhiteElo "2066"]
[BlackElo "2191"]
[PlyCount "49"]
[EventDate "2018.??.??"]

1. e4 c5 2. Nf3 e6 3. b3 b6 4. Bb2 Bb7 5. Qe2 Nc6 6. g3 d6 7. Bg2 Nf6 8. O-O
Be7 9. d4 cxd4 10. Nxd4 Nxd4 11. Bxd4 O-O 12. c4 Qc7 13. Nc3 a6 14. Rac1 Rac8
15. Rfd1 Nd7 16. Rd2 Qb8 17. Nd1 b5 18. Bb2 bxc4 19. Rxc4 Rxc4 20. Qxc4 Rc8 21.
Qd4 Bf8 22. Ne3 Nf6 23. Nc4 Nxe4 24. Bxe4 Bxe4 25. Nxd6 1/2-1/2

[Event "33ème Open International d'Avoine"]
[Site "Avoine"]
[Date "2018.07.21"]
[Round "7.24"]
[White "Imperor, Lorene"]
[Black "Navrotescu, Andreea-Cristiana"]
[Result "0-1"]
[WhiteElo "1914"]
[BlackElo "2182"]
[PlyCount "100"]
[EventDate "2018.??.??"]

1. d4 e6 2. c4 b6 3. Nc3 Bb4 4. Qc2 Bb7 5. a3 Bxc3+ 6. Qxc3 Nf6 7. Bg5 h6 8.
Bh4 g5 9. Bg3 Ne4 10. Qc2 d6 11. e3 Nd7 12. Ne2 f5 13. f3 Nxg3 14. Nxg3 Qf6 15.
O-O-O O-O-O 16. Kb1 Kb8 17. Bd3 h5 18. Ne2 h4 19. e4 fxe4 20. Bxe4 d5 21. cxd5
exd5 22. Bf5 Rhf8 23. Bg4 Qd6 24. Rc1 Nf6 25. Bf5 Rde8 26. Nc3 Re7 27. Nb5 Qf4
28. g3 hxg3 29. hxg3 Qxg3 30. f4 Ne4 31. Nxc7 Qxf4 32. Ne6 Qxf5 33. Nxf8 Qxf8
34. Rcf1 Qc8 35. Qh2+ Ka8 36. Rc1 Qe8 37. Rc7 Nd2+ 38. Ka2 Rxc7 39. Qxc7 Ba6
40. b3 Qc8 41. Qxc8+ Bxc8 42. Rh8 Kb7 43. Rd8 Ne4 44. Kb2 g4 45. Rg8 g3 46. Kc2
Bf5 47. Kd1 Bg4+ 48. Ke1 Bf3 49. Kf1 g2+ 50. Kg1 Nc3 0-1

[Event "33ème Open International d'Avoine"]
[Site "Avoine"]
[Date "2018.07.21"]
[Round "7.25"]
[White "Vallet, Marc"]
[Black "Marchais, Antoine"]
[Result "0-1"]
[WhiteElo "2182"]
[BlackElo "1753"]
[PlyCount "63"]
[EventDate "2018.??.??"]

1. d4 e6 2. Nf3 f5 3. c4 Nf6 4. g3 d6 5. Nc3 Be7 6. Bg2 O-O 7. O-O Ne4 8. Nxe4
fxe4 9. Nd2 d5 10. Qb3 Nc6 11. e3 a5 12. a3 a4 13. Qc2 Qe8 14. f3 Bg5 15. Qc3
exf3 16. Nxf3 Bf6 17. Bd2 dxc4 18. Qxc4 b5 19. Qc2 Bb7 20. Rac1 e5 21. Nxe5
Nxe5 22. Bxb7 Nc4 23. Bd5+ Kh8 24. Bxc4 bxc4 25. Qxc4 Qe4 26. Rf4 Qb7 27. Bb4
Rfe8 28. Qxc7 Qb5 29. Qc4 Qh5 30. Re1 Bg5 31. Qd5 Rad8 32. Qf3 0-1

[Event "33ème Open International d'Avoine"]
[Site "Avoine"]
[Date "2018.07.21"]
[Round "7.26"]
[White "Yche, Michel"]
[Black "Roger, Mehdi"]
[Result "1/2-1/2"]
[WhiteElo "1924"]
[BlackElo "2177"]
[PlyCount "39"]
[EventDate "2018.??.??"]

1. e4 e6 2. d4 d5 3. e5 c5 4. c3 Qb6 5. a3 Nc6 6. Nf3 Bd7 7. b4 cxd4 8. cxd4
Rc8 9. Be3 Nge7 10. Bd3 Nf5 11. O-O Nxe3 12. fxe3 Be7 13. Qe1 O-O 14. Nc3 f5
15. exf6 Bxf6 16. Na4 Qd8 17. Nc5 b6 18. Nxd7 Qxd7 19. Qg3 Ne7 20. Ne5 1/2-1/2

[Event "33ème Open International d'Avoine"]
[Site "Avoine"]
[Date "2018.07.21"]
[Round "7.27"]
[White "Kempinski, Andre"]
[Black "Meunier-Pion, Jean"]
[Result "0-1"]
[WhiteElo "1898"]
[BlackElo "2170"]
[PlyCount "92"]
[EventDate "2018.??.??"]

1. e4 c5 2. Nf3 d6 3. d4 cxd4 4. Nxd4 Nf6 5. Nc3 a6 6. f4 e5 7. Nf3 Nbd7 8. Bd3
b5 9. a3 Be7 10. O-O Bb7 11. Qe2 O-O 12. Kh1 Qc7 13. Bd2 Rfe8 14. fxe5 dxe5 15.
Ng5 Nc5 16. Nh3 Qc6 17. Rf5 Nfxe4 18. Nxe4 Nxe4 19. Bxe4 Qxe4 20. Rxe5 Qxe2 21.
Rxe2 Bf6 22. Rxe8+ Rxe8 23. Re1 Rxe1+ 24. Bxe1 Bxb2 25. Bb4 Bd4 26. Nf4 f6 27.
Ne2 Bb6 28. Bd6 Kf7 29. h3 Ke6 30. Bf8 g6 31. Kh2 Be4 32. c3 Kd5 33. g3 Kc4 34.
Be7 f5 35. Bb4 a5 36. Bd6 Bd3 37. Nf4 Be4 38. Ne2 Kd3 39. Nd4 Bxd4 40. cxd4
Kxd4 41. Bc7 b4 42. Bxa5 bxa3 43. Bd8 Kd3 44. Bf6 a2 45. h4 Kc2 46. Kg1 Kb1 0-1

[Event "33ème Open International d'Avoine"]
[Site "Avoine"]
[Date "2018.07.21"]
[Round "7.28"]
[White "Deslandes, Pascal"]
[Black "Mathieu, Phileas"]
[Result "1-0"]
[WhiteElo "2362"]
[BlackElo "1935"]
[PlyCount "97"]
[EventDate "2018.??.??"]

1. e4 c5 2. c3 d5 3. exd5 Qxd5 4. d4 Nf6 5. Nf3 Bg4 6. Qa4+ Bd7 7. Qb3 Qxb3 8.
axb3 e6 9. Na3 cxd4 10. Nb5 Bxb5 11. Bxb5+ Nbd7 12. O-O a6 13. Nxd4 Rd8 14. Be2
Bc5 15. Bf3 Bxd4 16. cxd4 O-O 17. Bxb7 Rb8 18. Bxa6 Rxb3 19. Bc4 Rb7 20. b3 Nd5
21. Bd2 N7f6 22. f3 h6 23. Kf2 Rfb8 24. Ra3 Nb4 25. Bxb4 Rxb4 26. Rfa1 Ne8 27.
Ke3 Kf8 28. Ra8 Nd6 29. Kd3 Ke7 30. Rxb8 Rxb8 31. Ra7+ Rb7 32. Rxb7+ Nxb7 33.
f4 Kd6 34. f5 exf5 35. Bxf7 Na5 36. b4 Nc6 37. b5 Ne7 38. h4 g5 39. h5 Nc8 40.
Ke3 Nb6 41. Kd3 Ke7 42. Bg8 Kd6 43. Kc3 f4 44. Kd3 g4 45. Ke4 f3 46. gxf3 Nd7
47. fxg4 Nf6+ 48. Kf5 Nxg8 49. Kg6 1-0

[Event "33ème Open International d'Avoine"]
[Site "Avoine"]
[Date "2018.07.21"]
[Round "7.29"]
[White "Schmit, Vincent"]
[Black "Devaure, Guillaume"]
[Result "1/2-1/2"]
[WhiteElo "2285"]
[BlackElo "1933"]
[PlyCount "37"]
[EventDate "2018.??.??"]

1. e4 c5 2. Nf3 Nc6 3. d4 cxd4 4. Nxd4 e5 5. Nb5 a6 6. N5c3 Bc5 7. Bc4 Nf6 8.
O-O h6 9. a4 O-O 10. Qd3 d6 11. Nd5 Nxd5 12. Bxd5 Nb4 13. Qb3 Nxd5 14. Qxd5 Be6
15. Qd3 d5 16. exd5 Bxd5 17. Be3 Bxe3 18. Qxe3 Qf6 19. Nc3 1/2-1/2

[Event "33ème Open International d'Avoine"]
[Site "Avoine"]
[Date "2018.07.21"]
[Round "7.30"]
[White "Real, Thibault"]
[Black "Vekemans, Sylvain"]
[Result "1-0"]
[WhiteElo "2246"]
[BlackElo "1929"]
[PlyCount "59"]
[EventDate "2018.??.??"]

1. d4 Nf6 2. Bf4 b5 3. e3 Bb7 4. Nf3 a6 5. Nbd2 e6 6. Bd3 c5 7. c3 Nc6 8. O-O
Be7 9. h3 O-O 10. e4 d6 11. Qe2 Qb6 12. Be3 Qc7 13. Rac1 e5 14. d5 Nd8 15. Nh4
g6 16. f4 Nxd5 17. exd5 Bxh4 18. f5 Bf6 19. Bh6 Bg7 20. Bxg7 Kxg7 21. f6+ Kh8
22. Be4 c4 23. Kh2 Qc5 24. b4 cxb3 25. Nxb3 Qa3 26. Qd2 Bc8 27. Qh6 Rg8 28. Nd2
Qa5 29. Nf3 Ne6 30. dxe6 1-0

[Event "33ème Open International d'Avoine"]
[Site "Avoine"]
[Date "2018.07.21"]
[Round "7.31"]
[White "Ronce, Nathan"]
[Black "Neau, Julien"]
[Result "1-0"]
[WhiteElo "2198"]
[BlackElo "1926"]
[PlyCount "153"]
[EventDate "2018.??.??"]

1. d4 Nf6 2. c4 g6 3. Nc3 Bg7 4. e4 d6 5. Nf3 O-O 6. Be2 e5 7. d5 a5 8. Bg5 h6
9. Be3 Ng4 10. Bd2 f5 11. h3 Nxf2 12. Kxf2 fxe4 13. Nxe4 Qh4+ 14. Ke3 Qf4+ 15.
Kd3 Qf7 16. Be3 c6 17. Kd2 cxd5 18. Nxd6 Qe7 19. Nxc8 Rxc8 20. Qc2 d4 21. Bxd4
exd4 22. Rae1 b5 23. Kd1 Qb4 24. a3 Qc5 25. Nd2 Nd7 26. Qb3 Rab8 27. Bd3 Ne5
28. cxb5+ Kh8 29. Rxe5 Qxe5 30. Qf7 Rb6 31. Nc4 Qg5 32. Qd7 Rbb8 33. g4 Rd8 34.
Qe6 Rxb5 35. Nd6 Rxd6 36. Qe8+ Kh7 37. Qxb5 Qe3 38. Kc2 Rf6 39. Kb1 Qd2 40. Ka2
Rf3 41. Be4 Rf2 42. Rh2 Qe3 43. Rxf2 Qxf2 44. Bd3 Qf3 45. a4 Bf8 46. Qd7+ Bg7
47. Qb5 Bf8 48. Bb1 Bg7 49. h4 Qxg4 50. h5 Qe6+ 51. Ka1 d3 52. Bxd3 Qf6 53. Qb8
Bf8 54. Qe8 Qe7 55. Qxg6+ Kh8 56. Qf5 Qe1+ 57. Ka2 Qe7 58. Bc2 Qg7 59. Qxa5 Qf6
60. Qb5 Kg7 61. a5 Bd6 62. a6 Qe7 63. Qf5 Kh8 64. Qg6 Bf4 65. Bb3 Qd8 66. Qf5
Bb8 67. Bc2 Qg8+ 68. b3 Ba7 69. Qf6+ Qg7 70. Qd8+ Qg8 71. Qf6+ Qg7 72. Qc6 Bg1
73. Qa8+ Qg8 74. Qb7 Bh2 75. a7 Bc7 76. a8=Q Bd8 77. Qxd8 1-0

[Event "33ème Open International d'Avoine"]
[Site "Avoine"]
[Date "2018.07.21"]
[Round "7.32"]
[White "Midy, Robin"]
[Black "Bourdeaud'Huy, Thomas"]
[Result "1-0"]
[WhiteElo "2148"]
[BlackElo "1919"]
[PlyCount "79"]
[EventDate "2018.??.??"]

1. d4 d6 2. Nc3 g6 3. Bg5 Bg7 4. Qd2 c6 5. e4 Qb6 6. O-O-O a5 7. Nf3 Bg4 8. Bc4
h5 9. Kb1 a4 10. Qf4 f6 11. e5 a3 12. Bb3 d5 13. exf6 Nxf6 14. Rde1 O-O 15.
Rxe7 Ne8 16. Qe3 Nd7 17. Bh6 Ndf6 18. Bxg7 Nxg7 19. Qh6 Rf7 20. Rxf7 Kxf7 21.
Ne5+ Kg8 22. Qxg6 Rf8 23. Qd3 Bf5 24. Qd2 axb2 25. Kxb2 Kh7 26. Rd1 Ne6 27. f3
Rg8 28. g3 Qc7 29. Re1 Qg7 30. Nd1 Ng5 31. Ne3 Be6 32. Qd3+ Kh6 33. Nf5+ Bxf5
34. Qxf5 Rf8 35. Qd3 Ne8 36. c3 Nd6 37. h4 Nxf3 38. Nxf3 Ne4 39. Qe3+ Kh7 40.
Ng5+ 1-0

[Event "33ème Open International d'Avoine"]
[Site "Avoine"]
[Date "2018.07.21"]
[Round "7.33"]
[White "Djidjeli, Sarah"]
[Black "Defromont, Benjamin"]
[Result "1-0"]
[WhiteElo "1927"]
[BlackElo "2132"]
[PlyCount "95"]
[EventDate "2018.??.??"]

1. e4 e6 2. d4 d5 3. Nc3 Nf6 4. Bd3 c5 5. exd5 cxd4 6. Nb5 Nxd5 7. Nxd4 Bc5 8.
Ngf3 Bd7 9. c3 Nc6 10. Ne2 h6 11. Ng3 Qc7 12. Qe2 Nf4 13. Bxf4 Qxf4 14. O-O O-O
15. Rad1 Rfd8 16. Rfe1 Rac8 17. Bb1 Bf8 18. Nh5 Qc7 19. Qd3 f5 20. Qe3 Re8 21.
Qe2 e5 22. Ng3 e4 23. Nh4 Re5 24. Ng6 Re6 25. Nxf8 Rxf8 26. Qc4 Kh8 27. Qd5 Re7
28. Qd2 Ne5 29. b3 Bc6 30. Ne2 Ng4 31. Qf4 Kg8 32. Qxc7 Rxc7 33. Nd4 Bd7 34. f3
exf3 35. Nxf3 Bc8 36. c4 g6 37. Rd6 Kg7 38. Nd4 a6 39. Bd3 Rf6 40. Rd8 Rf8 41.
Rd6 Nf6 42. Ne6+ Bxe6 43. Rexe6 Rff7 44. Be2 Rce7 45. Bf3 Rxe6 46. Rxe6 Nd7 47.
b4 g5 48. Bh5 1-0

[Event "33ème Open International d'Avoine"]
[Site "Avoine"]
[Date "2018.07.21"]
[Round "7.34"]
[White "Bex, Lennert"]
[Black "Kern, Nicolas"]
[Result "1/2-1/2"]
[WhiteElo "1920"]
[BlackElo "2104"]
[PlyCount "94"]
[EventDate "2018.??.??"]

1. d4 d5 2. Bf4 c5 3. dxc5 Nc6 4. Nf3 f6 5. c4 d4 6. Bd2 a5 7. e3 e5 8. exd4
Nxd4 9. Nxd4 Qxd4 10. Nc3 Bxc5 11. Be3 Qxd1+ 12. Rxd1 Bxe3 13. fxe3 Ne7 14. Nd5
Rb8 15. Nxe7 Kxe7 16. Be2 Bd7 17. Kf2 Rhc8 18. Rd2 Rc5 19. Rhd1 Be6 20. b3 Rbc8
21. a3 R5c6 22. a4 Rb6 23. Rd3 f5 24. Rc3 g5 25. g3 Rcc6 26. Rb1 Rb4 27. Rbc1
Rd6 28. Ke1 Bd7 29. R1c2 Rh6 30. Bd1 Rh3 31. Rd2 Bc6 32. Rf2 Ke6 33. Rd3 h5 34.
Rfd2 h4 35. Rd6+ Kf7 36. Rh6 Kg7 37. Rh5 Be8 38. Rxg5+ Kf6 39. Rg8 hxg3 40.
Rxg3 Rh4 41. h3 Rb6 42. Rd5 Ra6 43. Kf2 Bf7 44. Rd7 Rb6 45. Bc2 Bg6 46. c5 Rc6
47. Rxb7 Rxc5 1/2-1/2

[Event "33ème Open International d'Avoine"]
[Site "Avoine"]
[Date "2018.07.21"]
[Round "7.35"]
[White "Budak, Rewi"]
[Black "Nguyen-Cadoret, Nathan"]
[Result "0-1"]
[WhiteElo "2075"]
[BlackElo "1923"]
[PlyCount "38"]
[EventDate "2018.??.??"]

1. e4 e5 2. Bc4 Nf6 3. d4 exd4 4. Nf3 Nc6 5. Ng5 Ne5 6. Bb3 h6 7. f4 hxg5 8.
fxe5 Nxe4 9. Qxd4 Rh4 10. Rf1 d5 11. Bxd5 Be6 12. Qa4+ c6 13. Bxe4 Bd5 14. Nc3
Bxe4 15. g3 Bg2 16. gxh4 Bxf1 17. Bxg5 Qd7 18. Kxf1 Qh3+ 19. Kg1 Bc5+ 0-1

[Event "33ème Open International d'Avoine"]
[Site "Avoine"]
[Date "2018.07.21"]
[Round "7.36"]
[White "Joly, Julien"]
[Black "Fruteau, Sabine"]
[Result "1-0"]
[WhiteElo "1917"]
[BlackElo "2071"]
[PlyCount "37"]
[EventDate "2018.??.??"]

1. e4 e5 2. Nf3 Nc6 3. d4 exd4 4. Nxd4 Nf6 5. Nxc6 bxc6 6. e5 Qe7 7. Qe2 Nd5 8.
c4 Ba6 9. b3 g6 10. f4 Bg7 11. Qf2 Nf6 12. Be2 Ne4 13. Qe3 f5 14. Ba3 Qe6 15.
O-O d5 16. Nc3 O-O-O 17. Nxe4 dxe4 18. Qxa7 c5 19. Qa8+ 1-0

[Event "33ème Open International d'Avoine"]
[Site "Avoine"]
[Date "2018.07.21"]
[Round "7.38"]
[White "Zachary, Bastian"]
[Black "Deveque, Guillaume"]
[Result "1/2-1/2"]
[WhiteElo "1887"]
[BlackElo "2043"]
[PlyCount "85"]
[EventDate "2018.??.??"]

1. d4 e6 2. c4 Bb4+ 3. Nd2 Nf6 4. Ngf3 O-O 5. a3 Be7 6. e4 d5 7. e5 Ne8 8. cxd5
Qxd5 9. Bc4 Qd8 10. O-O c5 11. dxc5 Bxc5 12. Ne4 Be7 13. Qxd8 Bxd8 14. Be3 b6
15. Nfd2 Ba6 16. f4 Bxc4 17. Nxc4 Nc7 18. Nc3 Nc6 19. Nd6 f6 20. exf6 Bxf6 21.
Rac1 Ne7 22. Nde4 Ncd5 23. Nxf6+ Rxf6 24. Bd2 Nxc3 25. Bxc3 Rf5 26. Rce1 Nd5
27. Rxe6 Nxc3 28. bxc3 Rc8 29. Re7 Rxc3 30. Rxa7 Ra5 31. Rb7 Rcxa3 32. Rxb6 Ra1
33. Rxa1 Rxa1+ 34. Kf2 Ra7 35. h3 Kf7 36. g3 Ra3 37. Kg2 Rc3 38. g4 Ra3 39. h4
Ra2+ 40. Kf3 Ra3+ 41. Ke4 Ra4+ 42. Ke5 Ra5+ 43. Ke4 1/2-1/2

[Event "33ème Open International d'Avoine"]
[Site "Avoine"]
[Date "2018.07.21"]
[Round "7.39"]
[White "Thibault, Pierre-Olivier"]
[Black "Dubois, Thomas"]
[Result "0-1"]
[WhiteElo "2042"]
[BlackElo "1895"]
[PlyCount "48"]
[EventDate "2018.??.??"]

1. e4 c6 2. d4 d5 3. Nd2 dxe4 4. Nxe4 Bf5 5. Ng3 Bg6 6. h4 h6 7. Bc4 e6 8. Qe2
Be7 9. Nf3 Nd7 10. Bd2 Ngf6 11. Bb3 a5 12. a4 Nd5 13. Rd1 O-O 14. Rh3 c5 15.
dxc5 Nxc5 16. Ne5 Bh7 17. Bxd5 exd5 18. Nh5 Bf6 19. Bc3 Re8 20. Nxf6+ Qxf6 21.
Rxd5 Nxa4 22. Bd4 Qe6 23. Rg3 Qxd5 24. c3 f6 0-1

[Event "33ème Open International d'Avoine"]
[Site "Avoine"]
[Date "2018.07.21"]
[Round "7.40"]
[White "Veysseyre, Robin"]
[Black "Kavciyan, Yega"]
[Result "1/2-1/2"]
[WhiteElo "1882"]
[BlackElo "2039"]
[PlyCount "35"]
[EventDate "2018.??.??"]

1. Nc3 d5 2. e3 e5 3. Nf3 e4 4. Ng1 Nf6 5. d3 exd3 6. Bxd3 c6 7. b3 Bd6 8. Bb2
O-O 9. Qd2 a5 10. h3 Re8 11. Nf3 Ne4 12. Bxe4 dxe4 13. Nd4 Qe7 14. Nce2 a4 15.
Ng3 Bxg3 16. fxg3 Qg5 17. Qf2 axb3 18. axb3 1/2-1/2

[Event "33ème Open International d'Avoine"]
[Site "Avoine"]
[Date "2018.07.21"]
[Round "7.41"]
[White "Mauffrey, Hugues"]
[Black "Heurtebize, Christophe"]
[Result "1-0"]
[WhiteElo "1876"]
[BlackElo "2030"]
[PlyCount "43"]
[EventDate "2018.??.??"]

1. e4 c5 2. Nf3 e6 3. d4 cxd4 4. Nxd4 a6 5. Be2 Nf6 6. Nc3 Qc7 7. O-O Bb4 8.
Qd3 d6 9. Ncb5 Qb6 10. c3 Bc5 11. b4 axb5 12. bxc5 dxc5 13. Nxb5 O-O 14. Bf4
Bd7 15. Rfb1 Qa5 16. Nc7 Ra7 17. Bd6 Rc8 18. e5 c4 19. Qe3 Nd5 20. Nxd5 exd5
21. Rd1 Na6 22. Qxa7 1-0

[Event "33ème Open International d'Avoine"]
[Site "Avoine"]
[Date "2018.07.21"]
[Round "7.42"]
[White "Giammari, Santu"]
[Black "Girel, Joseph"]
[Result "0-1"]
[WhiteElo "1874"]
[BlackElo "2011"]
[PlyCount "132"]
[EventDate "2018.??.??"]

1. d4 {[%emt 0:00:00]} Nf6 {[%emt 0:00:00]} 2. c4 {[%emt 0:00:06]} g6 {
[%emt 0:00:00]} 3. Nc3 {[%emt 0:00:03]} d5 {[%emt 0:00:00]} 4. Nf3 {
[%emt 0:00:00]} Bg7 {[%emt 0:00:00]} 5. Bg5 {[%emt 0:00:05]} Ne4 {
[%emt 0:00:00]} 6. cxd5 {[%emt 0:00:00]} Nxg5 {[%emt 0:00:00]} 7. Nxg5 {
[%emt 0:00:04]} e6 {[%emt 0:00:00]} 8. Qd2 {[%emt 0:00:04]} h6 {[%emt 0:00:00]}
9. Nh3 {[%emt 0:00:00]} exd5 {[%emt 0:00:00]} 10. Nf4 {[%emt 0:00:00]} c6 11.
e3 O-O 12. Be2 Nd7 13. O-O Qe7 14. Rfc1 Nf6 15. Rab1 g5 16. Nd3 b6 17. b4 Bf5
18. Rb3 Rac8 19. a4 Ne4 20. Qb2 Nd6 21. Qa2 Nc4 22. Kh1 Rfe8 23. Rd1 Qe6 24.
Nb1 Qg6 25. Nc3 Bxd4 26. Nxd5 Bg7 27. N5f4 Qh7 28. Nh5 Bh8 29. Qc2 Ne5 30. Ng3
Bg6 31. Qc1 c5 32. bxc5 bxc5 33. Nxe5 Bxe5 34. Rd5 c4 35. Bxc4 Bc2 36. Qf1 Bxb3
37. Bxb3 Bxg3 38. fxg3 Re7 39. h3 Qg6 40. Kh2 Kg7 41. Rd3 Qf6 42. Qd1 Rc3 43.
e4 Rxd3 44. Qxd3 Qe5 45. Bd5 Rc7 46. Qf1 Qf6 47. Qg1 h5 48. Qd1 h4 49. Qg4 Qe5
50. Qf3 hxg3+ 51. Qxg3 Kf6 52. Qxe5+ Kxe5 53. g4 Kf4 54. Kg2 f6 55. Kg1 Kg3 56.
Kf1 Rc2 57. Be6 Kxh3 58. Ke1 Kg3 59. Bf5 Kf4 60. e5 Rc7 61. exf6 Rf7 62. Ke2
Rxf6 63. Bd7 Kg3 64. Bf5 Rc6 65. Kf1 Rc4 66. a5 Ra4 0-1

[Event "33ème Open International d'Avoine"]
[Site "Avoine"]
[Date "2018.07.21"]
[Round "7.43"]
[White "Davy, Bruno"]
[Black "Suez-Panama, Gilles"]
[Result "1/2-1/2"]
[WhiteElo "1841"]
[BlackElo "2010"]
[PlyCount "119"]
[EventDate "2018.??.??"]

1. e4 e6 2. d3 d5 3. Nd2 Nf6 4. Ngf3 Bc5 5. h3 Nc6 6. e5 Nd7 7. Nb3 Bb6 8. d4
O-O 9. Bd3 f6 10. exf6 Nxf6 11. c3 Qd6 12. Qe2 a5 13. a4 Bd7 14. O-O Rae8 15.
Ne5 Ne4 16. Be3 Re7 17. Nd2 Be8 18. Nxe4 dxe4 19. Bxe4 Nxe5 20. dxe5 Qd7 21.
Rfd1 Qc8 22. Bxb6 cxb6 23. Rd4 Ref7 24. f3 Qc5 25. Kh1 Rf4 26. Rad1 Kh8 27. Bc2
Rxd4 28. Rxd4 Qe7 29. Qe3 Bc6 30. Rf4 Rxf4 31. Qxf4 Kg8 32. Qd4 Qg5 33. Kh2 g6
34. b3 Kg7 35. Bd3 h5 36. h4 Qe7 37. Bc4 Be8 38. Kg1 Bc6 39. Kf2 Be8 40. g3 Bc6
41. Qxb6 Qa3 42. Qc7+ Kh6 43. Qd8 Qb2+ 44. Ke1 Qc1+ 45. Ke2 Kh7 46. Qe7+ Kh8
47. Qg5 Qc2+ 48. Qd2 Bxf3+ 49. Ke3 Qe4+ 50. Kf2 Bg4 51. Be2 Qf5+ 52. Qf4 Qc2
53. Qf8+ Kh7 54. Qf7+ Kh8 55. Qe8+ Kh7 56. Qe7+ Kh8 57. Qd8+ Kh7 58. Qe7+ Kh6
59. Qf8+ Kh7 60. Qf7+ 1/2-1/2

[Event "33ème Open International d'Avoine"]
[Site "Avoine"]
[Date "2018.07.21"]
[Round "7.44"]
[White "Ragneau, Freddy"]
[Black "Beghin, Ronan"]
[Result "1/2-1/2"]
[WhiteElo "1772"]
[BlackElo "1986"]
[PlyCount "91"]
[EventDate "2018.??.??"]

1. e4 c5 2. Nf3 Nc6 3. d4 cxd4 4. Nxd4 Nf6 5. Nc3 d6 6. Be2 e6 7. Be3 Be7 8.
O-O O-O 9. Qd2 a6 10. h3 Qc7 11. Rfd1 Bd7 12. a3 Rac8 13. Nb3 b5 14. f4 Rfd8
15. Bf3 Be8 16. Qf2 Nd7 17. Na2 Nc5 18. Nxc5 dxc5 19. Rxd8 Rxd8 20. Rd1 Rxd1+
21. Bxd1 Qd6 22. Qd2 Qxd2 23. Bxd2 f6 24. g4 Kf7 25. Nc1 g5 26. fxg5 fxg5 27.
Kf2 Ne5 28. b3 Bc6 29. Nd3 Ng6 30. Bf3 c4 31. bxc4 bxc4 32. Nb4 Bb7 33. a4 h6
34. Na2 Bc6 35. a5 Bd8 36. Be2 Bxe4 37. Bxc4 Bb7 38. Nc1 Ne5 39. Be2 Bc8 40.
Nb3 Nc6 41. Bf3 Ne5 42. Be2 Nc6 43. Bc3 Be7 44. Bf3 Nb4 45. Be4 Nd5 46. Bd2
1/2-1/2

[Event "33ème Open International d'Avoine"]
[Site "Avoine"]
[Date "2018.07.21"]
[Round "7.45"]
[White "Lenaerts, Robbe"]
[Black "Darpan, Inani"]
[Result "0-1"]
[WhiteElo "1557"]
[BlackElo "1969"]
[PlyCount "42"]
[EventDate "2018.??.??"]

1. d4 d5 2. Nf3 Nf6 3. e3 c5 4. b3 cxd4 5. exd4 Nc6 6. Bb2 Bg4 7. Nbd2 e6 8. a3
Be7 9. Be2 Rc8 10. c4 O-O 11. O-O Ne4 12. Ne5 Bxe2 13. Qxe2 Nxd2 14. Qxd2 Nxe5
15. dxe5 dxc4 16. Qe3 Qd3 17. Qxd3 cxd3 18. Rfd1 Rfd8 19. Rac1 Bg5 20. f4 Bxf4
21. Rxd3 Bxc1 0-1

[Event "33ème Open International d'Avoine"]
[Site "Avoine"]
[Date "2018.07.21"]
[Round "7.46"]
[White "Lambert, Thomas"]
[Black "Di Paolo, Marco"]
[Result "1-0"]
[WhiteElo "1967"]
[BlackElo "1883"]
[PlyCount "61"]
[EventDate "2018.??.??"]

1. e4 c5 2. Nf3 g6 3. d4 cxd4 4. Qxd4 Nf6 5. e5 Nc6 6. Qa4 Nd5 7. Qe4 Nc7 8.
Nc3 Bg7 9. Be3 d5 10. exd6 Qxd6 11. Bf4 Bxc3+ 12. bxc3 Qe6 13. Bd3 Nd5 14. Bd2
Nf6 15. Qxe6 Bxe6 16. O-O O-O 17. Rfe1 Rad8 18. Rab1 b6 19. a4 Na5 20. Nd4 Bd7
21. Rxe7 Nd5 22. Re5 Bxa4 23. Ra1 Be8 24. c4 Ne7 25. Bxa5 Rxd4 26. Bb4 f6 27.
Rxe7 Rf7 28. Raxa7 Rd7 29. Re1 Rd8 30. Rb7 b5 31. Ba5 1-0

[Event "33ème Open International d'Avoine"]
[Site "Avoine"]
[Date "2018.07.21"]
[Round "7.47"]
[White "Weibel, Theo"]
[Black "Lenen, Pierre"]
[Result "0-1"]
[WhiteElo "1964"]
[BlackElo "1758"]
[PlyCount "74"]
[EventDate "2018.??.??"]

1. e4 c6 2. d4 d5 3. e5 Bf5 4. Be3 e6 5. Nd2 Ne7 6. Be2 Nd7 7. f4 h6 8. g4 Bh7
9. h4 Qa5 10. c3 c5 11. dxc5 Qc7 12. b4 a5 13. Qa4 h5 14. g5 Nf5 15. Bf2 Be7
16. Ngf3 O-O 17. Qb3 axb4 18. cxb4 b6 19. cxb6 Nxb6 20. O-O Rfc8 21. a4 Nc4 22.
Nxc4 dxc4 23. Qc3 Rcb8 24. b5 Bc5 25. Nd4 Qb6 26. Nxf5 Bxf2+ 27. Rxf2 Bxf5 28.
Bf3 Ra7 29. Qxc4 Rc7 30. Bc6 Qe3 31. Qf1 Rxc6 32. bxc6 Be4 33. Qe2 Qg3+ 34. Kf1
Bd3 35. c7 Rc8 36. Rc1 Bxe2+ 37. Rxe2 Qxf4+ 0-1

[Event "33ème Open International d'Avoine"]
[Site "Avoine"]
[Date "2018.07.21"]
[Round "7.48"]
[White "Lamouroux, Lucas"]
[Black "Nortier, Julien"]
[Result "0-1"]
[WhiteElo "1430"]
[BlackElo "1949"]
[PlyCount "54"]
[EventDate "2018.??.??"]

1. d4 Nf6 2. Nf3 g6 3. e3 Bg7 4. Bd3 d6 5. b3 c5 6. Bb2 Nfd7 7. Nbd2 Nc6 8. O-O
O-O 9. a3 a6 10. c4 cxd4 11. exd4 Qb6 12. Re1 Nxd4 13. Bxd4 Bxd4 14. Nxd4 Qxd4
15. Ne4 Ne5 16. Bc2 Qxd1 17. Raxd1 b6 18. c5 bxc5 19. Nxc5 Bg4 20. Rd2 Rfc8 21.
Be4 Ra7 22. Nxa6 Rxa6 23. Bb7 Rxa3 24. Bxc8 Bxc8 25. f4 Nc6 26. Rb2 Be6 27. b4
Ra6 0-1

[Event "33ème Open International d'Avoine"]
[Site "Avoine"]
[Date "2018.07.21"]
[Round "7.49"]
[White "Lagunes, Jean-Renaud"]
[Black "Kumpen, Jona"]
[Result "1/2-1/2"]
[WhiteElo "1943"]
[BlackElo "1749"]
[PlyCount "70"]
[EventDate "2018.??.??"]

1. e4 e6 2. d4 d5 3. Nc3 Nf6 4. Bg5 Be7 5. e5 Nfd7 6. h4 a6 7. Qg4 c5 8. Bxe7
Qxe7 9. Qxg7 Rf8 10. Nf3 Nc6 11. O-O-O cxd4 12. Nxd4 Ndxe5 13. f4 Nxd4 14. fxe5
Nf5 15. Qxh7 Qc7 16. Re1 d4 17. Ne4 Qxe5 18. Qxf5 exf5 19. Nd6+ Kd7 20. Rxe5
Kxd6 21. Re2 Be6 22. Rd2 Kc5 23. a3 Rad8 24. b4+ Kc6 25. Bd3 Rh8 26. Rf2 Rd5
27. h5 Rh6 28. Rf4 b5 29. Kd2 Kc7 30. Ke2 Kd6 31. Kf2 Ke5 32. Kf3 Kf6 33. Rhh4
Ke5 34. Rh1 Kf6 35. Rhh4 Ke5 1/2-1/2

[Event "33ème Open International d'Avoine"]
[Site "Avoine"]
[Date "2018.07.21"]
[Round "7.50"]
[White "Viel, Simon"]
[Black "Prevot, Rodolphe"]
[Result "1-0"]
[WhiteElo "2316"]
[BlackElo "1891"]
[PlyCount "61"]
[EventDate "2018.??.??"]

1. e4 c5 2. Nf3 e6 3. d4 cxd4 4. Nxd4 a6 5. Bd3 Qc7 6. O-O Nf6 7. Qe2 Bd6 8.
Kh1 Nc6 9. Nxc6 dxc6 10. f4 e5 11. f5 b5 12. Bg5 Be7 13. Nd2 Bb7 14. a4 O-O 15.
Rf3 Rfd8 16. Nf1 Rab8 17. Ng3 Rd6 18. Raf1 Ba8 19. Bxf6 Bxf6 20. Nh5 Bg5 21. f6
g6 22. Qf2 c5 23. Qg3 Bh6 24. Qxe5 c4 25. Be2 bxa4 26. Ng3 Rd7 27. Qc3 Rc8 28.
Qb4 Rb8 29. Qxa4 Rxb2 30. Rc3 Rd4 31. Qe8+ 1-0